| 000 | 00478nam a22001217a 4500 | ||
|---|---|---|---|
| 040 | _cRUA | ||
| 082 | _aAVM KHA 2025 B705 Or.1 | ||
| 100 | _aKHAM DYVONGCHIWIN, ខាំ ឌីវង្សជីវីន | ||
| 245 | _aCase of castration in canine at siem reap province, ករណីវះកាត់ក្រៀវសុនខឈ្មោលក្នុង ខេត្តសៀមរាប | ||
| 260 |
_aPHNOM PENH _bRUA _c2025 |
||
| 300 |
_aix,38p. _bill. _c29cm. |
||
| 942 | _cAVM | ||
| 999 |
_c25800 _d25800 |
||